Statistics for Do you know?

Click here to take the quiz!

General Stats

  • This quiz has been taken 20 times
    (13 since last reset)
  • The average score is 36 of 45

Answer Stats

QuestionTileSelect% Correct
Top 4 biggest land area countriesArgentinaNo
100%
Top 4 biggest land area countriesAustraliaNo
100%
What 5 countries had the biggest army in the worldChinaYes
100%
Top 4 biggest land area countriesD.R.CNo
100%
Top 4 Largest NavyGermanyNo
100%
Top 5 largest Air forceItalyNo
100%
Top 4 Largest NavyItalyNo
100%
Top 5 most powerful countriesItalyNo
100%
Top 5 largest Air forceRussiaYes
100%
Top 5 most powerful countriesRussiaYes
100%
What 5 countries had the biggest army in the worldUKNo
100%
Top 5 largest Air forceUSAYes
100%
Top 4 Largest NavyUsaYes
100%
What 5 countries had the biggest army in the worldUSAYes
100%
Top 5 most powerful countriesUsaYes
100%
Top 4 Largest NavyChinaYes
90%
Top 4 biggest land area countriesChinaYes
90%
Top 5 most powerful countriesChinaYes
90%
Top 5 most powerful countriesIsraelNo
90%
What 5 countries had the biggest army in the worldItalyNo
90%
What 5 countries had the biggest army in the worldNorth koreaYes
90%
Top 5 largest Air forcePolandNo
90%
What 5 countries had the biggest army in the worldrussiaYes
90%
Top 4 biggest land area countriesRussiaYes
90%
Top 4 biggest land area countriesUSAYes
90%
What 5 countries had the biggest army in the worldBrazilNo
80%
Top 5 largest Air forceChinaYes
80%
Top 4 biggest land area countriesIndiaNo
80%
Top 4 Largest Navysouth KoreaNo
80%
Top 4 biggest land area countriesCanadaYes
70%
What 5 countries had the biggest army in the worldGermany:)No
70%
Top 5 most powerful countriesJapanYes
70%
Top 5 largest Air forcenorth koreaNo
70%
Top 4 biggest land area countriesBrazilNo
60%
Top 5 largest Air forceFranceYes
60%
Top 5 most powerful countriesGermanyNo
60%
Top 4 Largest NavyIndiaNo
60%
Top 5 largest Air forceIndiaYes
50%
What 5 countries had the biggest army in the worldIndiaYes
50%
Top 4 Largest NavyNorth koreaYes
50%
Top 4 Largest NavyRussiaYes
50%
Top 5 most powerful countriesUkNo
50%
Top 5 largest Air forceUKNo
50%
Top 5 most powerful countriesIndiaYes
40%
Top 4 Largest NavyUKNo
40%

Score Distribution

Percentile by Number Answered

Percent of People with Each Score

Your Score History

You have not taken this quiz since the last reset